| 000 | 00833nam a22002417a 4500 | ||
|---|---|---|---|
| 999 |
_c14666 _d14666 |
||
| 003 | AR-CdUCM | ||
| 008 | 190424b ||||| |||| 00| 0 spa d | ||
| 020 | _a978-84-441-5009-3 | ||
| 040 |
_aMUNICIPALIDAD PROVINCIAL DEL CUSCO _cBIBLIOTECA MUNICIPAL DEL CUSCO |
||
| 082 |
_aPI / 376.12 / _bH66 |
||
| 100 |
_aHofmann, Natalie _933526 |
||
| 245 | _aAnimales de papel / | ||
| 260 |
_aLa coruña : _bEverest, _c2013. |
||
| 300 |
_a46 páginas ; _bIlustraciones, _c26 cm. |
||
| 440 |
_aMis primeras manualidades _933514 |
||
| 505 | _aContenido: Patos -- Ratones -- Cocodrilos -- Focas -- Elefantes -- Tortugas -- Jirafas ... | ||
| 650 |
_aManualidades _915530 |
||
| 650 |
_aInfantes _931509 |
||
| 700 |
_aRitter, Ursula _933527 |
||
| 700 |
_aAlfonso Mory, Elsa (traductor) _933516 |
||
| 942 |
_2ddc _cLIBROS |
||
| 945 |
_acmm _d2019-04-24 |
||